000 01629naa a2200397 c 4500
001 30646
003 ES-MaCES
005 19981124162300.0
008 980924n1998 xxu ||| | eng d
035 _aCES19980045975v
040 _aES-MaCES
_bspa
_cES-MaCES
100 1 _aPoterba, James M.
_921281
245 1 0 _a401(k) plans and future patterns of retirement saving
_cby James M. Poterva, Steven F. Venti, and David A. Wise
246 3 _aFour hundred and one (k) plans and future patterns of retirement saving
500 _aContiene gráf.
500 _aPonencia presentada al 'Hundred and Thenth Annual Meeting of the American Economic Association', Chicago, IL, January 3-5, 1998
504 _aBibliografía: p. 184
650 4 _acuadros estadísticos
_928890
650 4 _areforma administrativa
_927223
650 4 _aadministración de la seguridad social
_930264
650 4 _aEstados Unidos
_928373
650 4 _arégimen privado de pensión
_930260
650 4 _aprotección complementaria
_930466
650 4 _arégimen de pensión
_927042
650 4 _afondo de jubilaciones
_929816
650 4 _aprestaciones de vejez
_927041
650 4 _ajubilación
_928360
653 1 0 _aSeguridad Social
700 1 _aWise, David A.
_926340
700 1 _aVenti, Steven F.
_925697
710 2 _aAmerican Economic Association
_bAnnual Meeting
_n110ª
_d1998
_cChicago
_91307
773 0 _tThe American economic review
_gNashville, Tennessee. - Vol. 88, no. 2 (May 1998) ; p. 179-184
_w(ES-MaCES)25404
902 _aART Artículo de revista
942 _2CES
_cAR
_h3.0.
999 _c30646
_d30646